| Tag |
First Indicator |
Second Indicator |
Subfields |
| LEADER |
00000cam a22000008a 4500 |
| 001 |
in00000087508 |
| 005 |
20151008064825.0 |
| 008 |
820223s1982 ilua b 00000 eng |
| 010 |
|
|
|a 82003468
|
| 020 |
|
|
|a 0814126537
|
| 035 |
|
|
|a (OCoLC)08280286
|
| 035 |
|
|
|9 AAK4862AM
|
| 039 |
0 |
|
|a 2
|b 3
|c 3
|d 3
|e 3
|
| 040 |
|
|
|a DLC
|c DLC
|d TXA
|d UtOrBLW
|
| 043 |
|
|
|a n-us---
|
| 049 |
|
|
|a TXAM
|c [1805221]
|
| 050 |
0 |
0 |
|a LB2365.E5
|b L3
|
| 082 |
0 |
|
|a 378/.199
|2 19
|
| 245 |
0 |
0 |
|a Language connections :
|b writing and reading across the curriculum /
|c edited by Toby Fulwiler, Art Young.
|
| 263 |
|
|
|a 8204
|
| 264 |
|
1 |
|a Urbana, Ill. :
|b National Council of Teachers of English,
|c [1982]
|
| 264 |
|
4 |
|c ©1982
|
| 300 |
|
|
|a xiii, 190 pages :
|b illustrations ;
|c 23 cm.
|
| 336 |
|
|
|a text
|b txt
|2 rdacontent
|
| 337 |
|
|
|a unmediated
|b n
|2 rdamedia
|
| 338 |
|
|
|a volume
|b nc
|2 rdacarrier
|
| 504 |
|
|
|a Bibliography: pages 179-188.
|
| 650 |
|
0 |
|a English language
|x Rhetoric.
|
| 650 |
|
0 |
|a Universities and colleges
|x Curricula
|z United States.
|
| 700 |
1 |
|
|a Fulwiler, Toby,
|d 1942-
|
| 700 |
1 |
|
|a Young, Art,
|d 1943-
|
| 710 |
2 |
|
|a National Council of Teachers of English.
|
| 999 |
|
|
|a MARS
|
| 999 |
f |
f |
|s 91e130fc-0652-3bd1-8f9e-9be099c1c84e
|i 942e27c4-6ec4-341e-a060-8732fdddbb22
|t 0
|
| 952 |
f |
f |
|p normal
|a Texas A&M University
|b College Station
|c Sterling C. Evans Library
|d Evans: Library Stacks
|t 0
|e LB2365.E5 L3
|h Library of Congress classification
|i unmediated -- volume
|m A14806161924
|
| 998 |
f |
f |
|a LB2365.E5 L3
|t 0
|l Evans: Library Stacks
|